Normal view
MARC view
Entry Personal Name
001 - CONTROL NUMBER
- control field: 50775
003 - CONTROL NUMBER IDENTIFIER
- control field: ARRUPE
005 - DATE AND TIME OF LATEST TRANSACTION
- control field: 20211028100601.0
008 - FIXED-LENGTH DATA ELEMENTS
- fixed length control field: 211028|| aca||aabn | a|a d
040 ## - CATALOGING SOURCE
- Original cataloging agency: ARRUPE
- Transcribing agency: ARRUPE
100 ## - HEADING--PERSONAL NAME
- Personal name: Darwin, Charles,
- Dates associated with a name: 1809-1882.
- Title of a work: On the origin of species
670 ## - SOURCE DATA FOUND
- Source citation: Work cat.: (ARRUPE)0: Ruse, Michael. 13209, The Darwinian revolution :, 1979.